00493nam a2200181Ia 4500003000900000008004100009020002200050040001600072080001300088100002600101245006100127250001400188260003800202300001400240650001400254650001200268700003100280IN-BaIIA211028s9999 xx 000 0 eng d a978-0-074-60315-4 cIIA Library a531bRAN aRana, Narayan Chandra 0aClassical mechanicscNarayan Chandra Rana and P. S. Joag a32nd rep. aNew DelhibTata McGraw-Hillc2012 aXX, 607p. aMechanics aPhysics aJoag, Pramod Sharadchandra